Puerto's Comp Season 1 Contestants - Statistics

General Stats
  • This quiz has been taken 5 times
  • The average score is 8 of 14
Answer Stats
Ranking Answer % Correct
6th Doom Mapping
80%
1st Flemish Mapping
80%
2nd Seclyria Mapping
80%
5th Chicagoan Mapping
60%
3rd Duck Clanian Animations
60%
4th Just K. Mapping
60%
11th Peluzasudul
60%
7th Thapa
60%
14th KingKasey
40%
12th Magical Noob
40%
9th Noah Mapping
40%
13th Northernite
40%
8th ⋆ Olympus
40%
10th Tickle
40%
No matching quizzes found
Score Distribution
Percent of People with Each Score
Percentile by Number Answered
Your Score History
You have not taken this quiz